Building economics
| Main Author: | |
|---|---|
| Format: | Book |
| Published: |
London :
Macmillan press ,
1996
|
| Subjects: |
MARC
| LEADER | 00000cam a2200000 7i4500 | ||
|---|---|---|---|
| 001 | 0000011903 | ||
| 005 | 20080910.0 | ||
| 020 | |a 0333638352 | ||
| 040 | |a INS | ||
| 090 | 0 | 0 | |a TH435 |b SR33 1996 |
| 100 | 1 | |a Seeley Ivor H. | |
| 245 | 1 | 0 | |a Building economics |c Seeley Ivor H. |
| 260 | |a London : |b Macmillan press , |c 1996 | ||
| 300 | |a 502p : |b ill. ; |c 24cm. | ||
| 650 | 0 | 0 | |a Building |x Estimates |
| 999 | |a 0000011490 |b BOOK |c Open Shelf |e Default branch | ||